[Event "Julius Baer Gen Cup D3 L"]
[Site "chess.com INT"]
[Date "2024.09.28"]
[Round "2.2"]
[White "Makarian, Rudik"]
[Black "Deac, Bogdan-Daniel"]
[Result "1/2-1/2"]
[WhiteTitle "IM"]
[BlackTitle "GM"]
[WhiteElo "2550"]
[BlackElo "2680"]
[WhiteFideId "44105681"]
[BlackFideId "1226380"]
[EventDate "2024.09.27"]
[EventType "k.o."]

1. d4 Nf6 2. c4 e6 3. Nf3 d5 4. Nc3 c5 5. e3 Nc6 6. cxd5 exd5 7. Bb5 cxd4 8.
Nxd4 Bd7 9. O-O Bd6 10. Qb3 a6 11. Be2 Na5 12. Qd1 O-O 13. Bf3 Be6 14. Nce2 Nc6
15. b3 Qc7 16. h3 Nxd4 17. Nxd4 Qe7 18. Bb2 Bc7 19. h4 Ne4 20. Bxe4 dxe4 21. Rc1
Rac8 22. Qh5 Bd6 23. Rfd1 Rxc1 24. Rxc1 Bd7 25. Qd5 Qe5 26. Qxe5 Bxe5 27. Rc2
Bxd4 28. Bxd4 Rc8 29. Rd2 Be6 30. Kh2 f6 31. Kg3 Rd8 32. Kf4 Kf7 33. Rc2 Rc8 34.
Rd2 Rd8 35. g3 Bd5 36. Rc2 Bc6 37. g4 h6 38. Rc1 g5+ 39. Kg3 Rg8 40. hxg5 hxg5
41. Rh1 Kg6 42. Rc1 Rd8 43. Rc5 Rd5 44. Rxd5 Bxd5 45. Bb2 f5 46. gxf5+ Kxf5 1/2-1/2

[Event "Julius Baer Gen Cup D3 L"]
[Site "chess.com INT"]
[Date "2024.09.28"]
[Round "2.2"]
[White "Svane, Frederik"]
[Black "Niemann, Hans Moke"]
[Result "1-0"]
[WhiteTitle "GM"]
[BlackTitle "GM"]
[WhiteElo "2640"]
[BlackElo "2733"]
[WhiteFideId "12923044"]
[BlackFideId "2093596"]
[EventDate "2024.09.27"]
[EventType "k.o."]

1. e4 e5 2. Nf3 Nc6 3. Bc4 Nf6 4. d3 Bc5 5. c3 O-O 6. Bg5 Be7 7. Nbd2 d6 8. a4
h6 9. Bh4 a5 10. Bg3 Re8 11. O-O Bf8 12. Re1 Be6 13. Bb5 Bd7 14. h3 Ne7 15. d4
Ng6 16. Qb3 Bxb5 17. Qxb5 Qd7 18. dxe5 Nxe5 19. Nxe5 dxe5 20. Nc4 Bd6 21. Qxd7
Nxd7 22. Red1 Nc5 23. f3 Red8 24. Rd5 f6 25. Nxd6 cxd6 26. Bf2 Rac8 27. Kf1 Kf7
28. Ke2 Ke6 29. g4 Rc6 30. h4 b6 31. h5 Na6 32. Rd3 Nc5 33. Rd5 Na6 34. Rad1 Rb8
35. Be3 Nc5 36. Ra1 Na6 37. Rd3 Nc5 38. Rdd1 Na6 39. Kd3 Rbc8 40. Kc2 Nc5 41.
Rd5 R8c7 42. Ra3 Rc8 43. Kd1 Ra8 44. Ke2 Ra7 45. Rd1 Rc8 46. Rd2 Rca8 47. Bxc5
dxc5 48. Rb3 Rb8 49. Rd5 c4 50. Rbb5 Rc7 51. Ke3 Rc6 52. f4 exf4+ 53. Kxf4 Rf8
54. Ke3 Re8 55. Kd4 Rf8 56. Rf5 Rd8+ 57. Rbd5 Re8 58. e5 Re7 59. Rd8 Kf7 60. Rd6
Rxd6+ 61. exd6 Re2 62. Kd5 Rd2+ 63. Kc6 Ke6 64. Kxb6 Rxb2+ 65. Kc7 Rd2 66. Rf1
Ke5 67. d7 1-0

[Event "Julius Baer Gen Cup D3 L"]
[Site "chess.com INT"]
[Date "2024.09.28"]
[Round "2.2"]
[White "Svane, Rasmus"]
[Black "Hakobyan, Aram"]
[Result "0-1"]
[WhiteTitle "GM"]
[BlackTitle "GM"]
[WhiteElo "2629"]
[BlackElo "2617"]
[WhiteFideId "4657101"]
[BlackFideId "13306677"]
[EventDate "2024.09.27"]
[EventType "k.o."]

1. c4 Nf6 2. Nf3 e6 3. g3 d5 4. Bg2 Be7 5. d4 O-O 6. Nc3 Nc6 7. b3 Bb4 8. Bd2
dxc4 9. e3 Nd5 10. Nxd5 exd5 11. bxc4 dxc4 12. Bxb4 Nxb4 13. O-O c6 14. Ne5 c3
15. Qb3 Nd5 16. e4 Nc7 17. d5 Re8 18. f4 Nb5 19. Kh1 Qa5 20. Rfd1 Qa3 21. Qc4 a6
22. dxc6 Be6 23. Qe2 bxc6 24. f5 Qb2 25. Qf1 Bxa2 26. Nd3 Bc4 27. e5 Rad8 28.
Rab1 Qa3 29. e6 c2 30. exf7+ Bxf7 31. Ra1 cxd1=Q 32. Rxd1 Nc3 33. Ra1 Qd6 34.
Nf4 Qd1 35. Bxc6 Qxf1+ 36. Rxf1 Re5 37. Kg2 Rxf5 38. Rc1 Nd5 39. Bxd5 Bxd5+ 40.
Kh3 Bf7 41. Kg4 Rf6 42. h4 Rf8 43. Rc7 h6 44. h5 Ra8 45. Re7 a5 46. Re3 a4 47.
Ra3 Rb6 0-1

[Event "Julius Baer Gen Cup D3 L"]
[Site "chess.com INT"]
[Date "2024.09.28"]
[Round "2.3"]
[White "Deac, Bogdan-Daniel"]
[Black "Makarian, Rudik"]
[Result "1/2-1/2"]
[WhiteTitle "GM"]
[BlackTitle "IM"]
[WhiteElo "2680"]
[BlackElo "2550"]
[WhiteFideId "1226380"]
[BlackFideId "44105681"]
[EventDate "2024.09.27"]
[EventType "k.o."]

1. Nf3 Nf6 2. c4 c6 3. Nc3 d5 4. e3 a6 5. Qc2 Bg4 6. Ne5 Be6 7. d4 Nbd7 8. cxd5
cxd5 9. f4 g6 10. Bd3 Bg7 11. O-O O-O 12. Nf3 Rc8 13. Ng5 Qb6 14. Bd2 Qd6 15.
Nxe6 Qxe6 16. Qb3 Nb6 17. Rab1 Rc7 18. f5 Qd6 19. Be1 Rc6 20. Bg3 Qd7 21. Rbc1
Bh6 22. Rce1 Nc4 23. Bxc4 dxc4 24. Qc2 b5 25. a3 Nd5 26. Qf2 a5 27. Qf3 Nxc3 28.
bxc3 Rb6 29. Be5 f6 30. Bg3 b4 31. axb4 axb4 32. cxb4 Rxb4 33. Qe4 Kg7 34. fxg6
hxg6 35. h4 Rb5 36. Bf4 Bxf4 37. Rxf4 c3 38. Rc1 Rc8 39. Qd3 e5 40. Rf3 exd4 41.
exd4 c2 42. Rg3 Qf5 43. Qxf5 Rxf5 44. Rb3 Rf4 45. Rb2 Rxd4 46. Rbxc2 Rxc2 47.
Rxc2 Rxh4 1/2-1/2

[Event "Julius Baer Gen Cup D3 L"]
[Site "chess.com INT"]
[Date "2024.09.28"]
[Round "2.3"]
[White "Martirosyan, Haik M."]
[Black "Kamsky, Gata"]
[Result "0-1"]
[WhiteTitle "GM"]
[BlackTitle "GM"]
[WhiteElo "2667"]
[BlackElo "2609"]
[WhiteFideId "13306553"]
[BlackFideId "2000024"]
[EventDate "2024.09.27"]
[EventType "k.o."]

1. d4 d5 2. c4 c6 3. Nf3 Nf6 4. Qb3 e6 5. g3 a5 6. Bg2 Nbd7 7. O-O Be7 8. Nc3
O-O 9. Bf4 a4 10. Qc2 dxc4 11. Nxa4 Nd5 12. Bd2 b5 13. Nc3 Nxc3 14. bxc3 Ra4 15.
Bf4 Bb7 16. e4 Qa5 17. e5 Ra8 18. Ng5 Bxg5 19. Bxg5 Rxa2 20. Rxa2 Qxa2 21. Qe4
Qb2 22. Qh4 Qxc3 23. Be3 Qa3 24. Be4 Nf8 25. Qg4 Nd7 26. h4 Qe7 27. Qf3 Qe8 28.
Bg5 h6 29. Bf4 f5 30. Bb1 Rb8 31. g4 Qg6 32. g5 h5 33. Rd1 Qe8 34. Qa3 Qf8 35.
Qa7 Qc8 36. Qa5 Ra8 37. Qd2 g6 38. Bc2 Nb6 39. Rb1 Nd5 40. Bd1 Qc7 41. Qc1 Qa5
42. Bd2 Qa3 43. Qc2 Qh3 44. Be2 c5 45. f4 Ne3 46. Qe4 Qg3+ 0-1

[Event "Julius Baer Gen Cup D3 L"]
[Site "chess.com INT"]
[Date "2024.09.28"]
[Round "2.3"]
[White "Svane, Frederik"]
[Black "Niemann, Hans Moke"]
[Result "0-1"]
[WhiteTitle "GM"]
[BlackTitle "GM"]
[WhiteElo "2640"]
[BlackElo "2733"]
[WhiteFideId "12923044"]
[BlackFideId "2093596"]
[EventDate "2024.09.27"]
[EventType "k.o."]

1. c4 Nf6 2. Nc3 e5 3. Nf3 Nc6 4. e3 Bb4 5. Qc2 Bxc3 6. Qxc3 Qe7 7. d4 e4 8. Ng1
d5 9. Bd2 O-O 10. Rc1 Qd8 11. Ne2 Ne7 12. Ng3 h5 13. h3 h4 14. Ne2 c6 15. Nf4
Ng6 16. Nxg6 fxg6 17. Qb3 Rf7 18. cxd5 Nxd5 19. Qc2 Qf6 20. Bc3 Be6 21. Qd2 Raf8
22. Rc2 Qg5 23. Qc1 Rf5 24. Rh2 Qg3 0-1

[Event "Julius Baer Gen Cup D3 L"]
[Site "chess.com INT"]
[Date "2024.09.28"]
[Round "3.1"]
[White "Gelfand, Boris"]
[Black "Kamsky, Gata"]
[Result "1-0"]
[WhiteTitle "GM"]
[BlackTitle "GM"]
[WhiteElo "2658"]
[BlackElo "2609"]
[WhiteFideId "2805677"]
[BlackFideId "2000024"]
[EventDate "2024.09.27"]
[EventType "k.o."]

1. d4 f5 2. g3 Nf6 3. Bg2 g6 4. Nf3 Bg7 5. O-O O-O 6. b3 c6 7. Bb2 a5 8. c4 d5
9. Ne5 Ne4 10. Qc2 Be6 11. Rd1 Nd7 12. Nd3 Bf7 13. e3 a4 14. Na3 h5 15. f3 Nd6
16. c5 Ne8 17. b4 Nc7 18. Bc3 g5 19. Ne5 Be8 20. Qe2 Nxe5 21. dxe5 f4 22. gxf4
gxf4 23. Kh1 Qd7 24. Rg1 Qf5 25. Nc2 Nb5 26. Bb2 a3 27. Bd4 Bg6 28. Rac1 Kh7 29.
exf4 Bh6 30. Ba1 Qxf4 31. Rcd1 Qh4 32. Nd4 Bf4 33. Bf1 Nc7 34. Bc3 e6 35. Be1
Qe7 36. Bh3 Rg8 37. Bf2 Raf8 38. Rg2 Kh8 39. Rdg1 Bh7 40. Qe1 Rxg2 41. Rxg2 Bg5
42. Qg1 Rg8 43. Be3 Bxe3 44. Rxg8+ Bxg8 45. Qxe3 Qh7 46. Kg2 Qg6+ 47. Kf2 Nb5
48. Nxb5 cxb5 49. Bf1 Qc2+ 50. Kg3 Bh7 51. Bh3 Qxa2 52. Qh6 h4+ 53. Qxh4 1-0

[Event "Julius Baer Gen Cup D3 L"]
[Site "chess.com INT"]
[Date "2024.09.28"]
[Round "3.1"]
[White "Makarian, Rudik"]
[Black "Bosiocic, Marin"]
[Result "0-1"]
[WhiteTitle "IM"]
[BlackTitle "GM"]
[WhiteElo "2550"]
[BlackElo "2555"]
[WhiteFideId "44105681"]
[BlackFideId "14507927"]
[EventDate "2024.09.27"]
[EventType "k.o."]

1. Nf3 d5 2. g3 Bg4 3. Ne5 Bf5 4. c4 Nd7 5. Nxd7 Qxd7 6. Bg2 e6 7. O-O Nf6 8. d3
c6 9. Nd2 h6 10. b3 Be7 11. Bb2 O-O 12. a3 a5 13. Nf3 Bh7 14. Qc2 Bd6 15. Bxf6
gxf6 16. e4 dxe4 17. dxe4 Qe7 18. a4 Bb4 19. Nh4 Rad8 20. Rad1 Rxd1 21. Rxd1 Rd8
22. Kf1 Rxd1+ 23. Qxd1 Qc5 24. Bf3 Qe5 25. Qe2 Qc3 26. Qe3 Qa1+ 27. Kg2 Kg7 28.
Be2 Qe5 29. Bd3 Qc3 30. f4 Qxb3 31. f5 exf5 32. exf5 Qxa4 33. Qe2 h5 34. g4 Qa1
35. gxh5 Qc1 36. Bc2 Qg5+ 37. Kh3 Bc5 38. Qg4 Kh6 39. Nf3 Qxh5+ 40. Qxh5+ Kxh5
41. Nd2 Bb4 42. Ne4 Bxf5+ 43. Kg3 Kg6 0-1

[Event "Julius Baer Gen Cup D3 L"]
[Site "chess.com INT"]
[Date "2024.09.28"]
[Round "3.1"]
[White "Niemann, Hans Moke"]
[Black "Hakobyan, Aram"]
[Result "1/2-1/2"]
[WhiteTitle "GM"]
[BlackTitle "GM"]
[WhiteElo "2733"]
[BlackElo "2617"]
[WhiteFideId "2093596"]
[BlackFideId "13306677"]
[EventDate "2024.09.27"]
[EventType "k.o."]

1. e4 e6 2. d4 d5 3. Nc3 Nf6 4. e5 Nfd7 5. f4 c5 6. Nf3 Nc6 7. Be3 cxd4 8. Nxd4
Qb6 9. a3 Bc5 10. Ncb5 a6 11. b4 axb5 12. bxc5 Qxc5 13. Qd3 Qe7 14. Nxb5 O-O 15.
Qc3 f6 16. exf6 Rxf6 17. Be2 e5 18. Nc7 d4 19. Qc4+ Kh8 20. Nd5 Qd6 21. Nxf6
Nxf6 22. Bf2 Be6 23. Qb5 Ne4 24. fxe5 Nxe5 25. Bg3 Nxg3 26. hxg3 d3 27. cxd3 Qd4
28. Rc1 Qe3 29. Rc3 Bg4 30. Qb2 Re8 31. Qd2 Nf3+ 32. gxf3 Qxf3 33. Rh2 Qxg3+ 34.
Rf2 Bxe2 35. Qxe2 Rxe2+ 36. Kxe2 h5 37. Rc4 Kh7 38. Rff4 Qg2+ 39. Ke3 Qg3+ 40.
Ke2 Qg2+ 41. Ke3 Qg3+ 42. Ke2 1/2-1/2

[Event "Julius Baer Gen Cup D3 L"]
[Site "chess.com INT"]
[Date "2024.09.28"]
[Round "3.2"]
[White "Alekseenko, Kirill"]
[Black "Navara, David"]
[Result "1/2-1/2"]
[WhiteTitle "GM"]
[BlackTitle "GM"]
[WhiteElo "2679"]
[BlackElo "2681"]
[WhiteFideId "4135539"]
[BlackFideId "309095"]
[EventDate "2024.09.27"]
[EventType "k.o."]

1. e4 e5 2. Nf3 Nc6 3. Bc4 Bc5 4. d3 Nf6 5. Nc3 h6 6. h3 a6 7. a4 d6 8. Be3 Bxe3
9. fxe3 Be6 10. Nd2 d5 11. exd5 Nxd5 12. Bxd5 Bxd5 13. Qg4 O-O 14. Nxd5 Qxd5 15.
O-O Qc5 16. Ne4 Qxe3+ 17. Kh1 Qd4 18. Rf3 f5 19. Rxf5 Rxf5 20. Qxf5 Rf8 21. Qe6+
Kh7 22. Qb3 b6 23. Re1 Qb4 24. Qxb4 Nxb4 25. Rc1 Kg6 26. Kg1 Rf5 27. Nf2 Kf7 28.
c3 Rxf2 29. cxb4 Rxb2 30. Rxc7+ Kf8 31. Ra7 Rxb4 32. Rxa6 Rb2 33. a5 bxa5 34.
Rxa5 Rd2 35. Rxe5 Rxd3 1/2-1/2

[Event "Julius Baer Gen Cup D3 L"]
[Site "chess.com INT"]
[Date "2024.09.28"]
[Round "3.2"]
[White "Kamsky, Gata"]
[Black "Gelfand, Boris"]
[Result "1-0"]
[WhiteTitle "GM"]
[BlackTitle "GM"]
[WhiteElo "2609"]
[BlackElo "2658"]
[WhiteFideId "2000024"]
[BlackFideId "2805677"]
[EventDate "2024.09.27"]
[EventType "k.o."]

1. d4 Nf6 2. Bf4 d5 3. e3 c5 4. c3 Nc6 5. Nd2 Bf5 6. Ngf3 Qb6 7. dxc5 Qxb2 8.
Nd4 Ne4 9. Nxe4 Bxe4 10. Bb5 Qxc3+ 11. Ke2 Rc8 12. Qb3 Qxb3 13. axb3 g5 14. Bxg5
f6 15. Bh4 Bxg2 16. Rhg1 Bh3 17. Rxa7 Kf7 18. Rxb7 Nd8 19. c6 Nxb7 20. cxb7 Rb8
21. Nc6 Bh6 22. Nxb8 Rxb8 23. Ba6 d4 24. Rc1 dxe3 25. fxe3 Bg2 26. Rc7 Kg6 27.
Rxe7 Bf8 28. Bg3 1-0

[Event "Julius Baer Gen Cup D3 L"]
[Site "chess.com INT"]
[Date "2024.09.28"]
[Round "3.3"]
[White "Alekseenko, Kirill"]
[Black "Navara, David"]
[Result "0-1"]
[WhiteTitle "GM"]
[BlackTitle "GM"]
[WhiteElo "2679"]
[BlackElo "2681"]
[WhiteFideId "4135539"]
[BlackFideId "309095"]
[EventDate "2024.09.27"]
[EventType "k.o."]

1. e4 e5 2. Nf3 Nc6 3. Bc4 Bc5 4. d3 Nf6 5. Nc3 h6 6. a3 a6 7. Be3 d6 8. Bxc5
dxc5 9. Nd5 O-O 10. Ne3 Re8 11. O-O b5 12. Ba2 Be6 13. Bxe6 Rxe6 14. a4 g6 15.
Nd2 Kg7 16. g3 Re8 17. b3 Qd4 18. Qc1 Qc3 19. Nd1 Qd4 20. Re1 Qd6 21. Ne3 Nd4
22. Kh1 h5 23. Qd1 h4 24. Nf3 hxg3 25. fxg3 Rh8 26. Rf1 Nxf3 27. Qxf3 Qe6 28.
Rf2 Nh7 29. Nd5 Rac8 30. axb5 axb5 31. Ra7 Ng5 32. Qe3 Qg4 33. Ra1 Nh3 34. Rg2
c6 35. Nc3 c4 36. bxc4 bxc4 37. d4 Ra8 38. Rf1 Ra3 39. dxe5 Rd8 40. Qb6 Rd7 41.
Qb2 Rxc3 42. Qxc3 Rd1 43. e6+ Kh7 44. Rgg1 Qxe4+ 45. Qf3 Qxf3+ 46. Rxf3 Rxg1# 0-1

[Event "Julius Baer Gen Cup D3 L"]
[Site "chess.com INT"]
[Date "2024.09.28"]
[Round "3.3"]
[White "Kamsky, Gata"]
[Black "Gelfand, Boris"]
[Result "0-1"]
[WhiteTitle "GM"]
[BlackTitle "GM"]
[WhiteElo "2609"]
[BlackElo "2658"]
[WhiteFideId "2000024"]
[BlackFideId "2805677"]
[EventDate "2024.09.27"]
[EventType "k.o."]

1. d4 Nf6 2. Bf4 d5 3. e3 c5 4. c3 Nc6 5. Nd2 Bf5 6. Qb3 Qc8 7. a4 e6 8. Ngf3
Be7 9. Be2 O-O 10. h3 Ne4 11. O-O a6 12. Nxe4 Bxe4 13. Nd2 Bg6 14. Qa2 Qd7 15.
a5 Rac8 16. Rfd1 Bc2 17. Rdc1 Bg6 18. Nb3 c4 19. Nd2 Bd8 20. b4 Na7 21. Bd1 Bc7
22. Ba4 Qd8 23. Bxc7 Qxc7 24. Re1 f6 25. e4 Be8 26. Bd1 Nb5 27. Re3 Bc6 28. Bf3
Rce8 29. Rae1 Qd7 30. Qc2 Na3 31. Qc1 Nb5 32. e5 f5 33. Bd1 f4 34. Rf3 Qd8 35.
Nf1 Qh4 36. Kh2 Re7 37. g3 fxg3+ 38. fxg3 Qh6 39. Rxf8+ Kxf8 40. Ne3 Rf7 41. Qd2
Kg8 42. Re2 Rf8 43. Qe1 Be8 44. Ra2 Bg6 45. Ba4 Nc7 46. Rf2 Rxf2+ 47. Qxf2 Be4
48. Bd7 Qg6 49. Bc8 Nb5 50. Bxb7 Nxc3 51. Bxa6 Qe8 52. Qb2 Qf8 53. Bc8 Qf3 54.
Bxe6+ Kh8 55. Qc1 Qf2+ 0-1

[Event "Julius Baer Gen Cup D3 L"]
[Site "chess.com INT"]
[Date "2024.09.28"]
[Round "3.3"]
[White "Makarian, Rudik"]
[Black "Bosiocic, Marin"]
[Result "1-0"]
[WhiteTitle "IM"]
[BlackTitle "GM"]
[WhiteElo "2550"]
[BlackElo "2555"]
[WhiteFideId "44105681"]
[BlackFideId "14507927"]
[EventDate "2024.09.27"]
[EventType "k.o."]

1. d4 Nf6 2. c4 e6 3. Nf3 d5 4. Nc3 a6 5. cxd5 exd5 6. Bg5 Be6 7. e3 Nbd7 8. Bf4
Nh5 9. Bd3 c6 10. h3 Nxf4 11. exf4 g6 12. Qd2 Bg7 13. O-O O-O 14. Rae1 Nb6 15.
Ne5 Nc8 16. Kh2 Nd6 17. g4 Re8 18. Rg1 f6 19. Nf3 Bf7 20. Kg3 Rxe1 21. Rxe1 Qd7
22. Re3 Qc7 23. Re2 Re8 24. b3 Rxe2 25. Qxe2 Ne8 26. h4 Bf8 27. Qe3 Bd6 28. Ne2
Ng7 29. Kg2 Ne6 30. f5 Nf4+ 31. Nxf4 Bxf4 32. Qe2 Qd8 33. Ng1 Kg7 34. Qf3 Bd6
35. Ne2 Qe7 36. a4 Qe8 37. Ng1 h5 38. g5 Qe7 39. Nh3 Bc7 40. Kf1 Be8 41. Qg2 Ba5
42. gxf6+ Qxf6 43. Nf4 Kh6 44. Nxg6 Bxg6 45. fxg6 Bd8 46. Qg3 Kg7 47. Qb8 Qe7
48. Kg2 Qxh4 49. Qxb7+ Be7 50. Kf1 Qf6 51. Qd7 a5 52. b4 Kh6 53. bxa5 Qxd4 54.
Qf5 Bc5 55. a6 Qa1+ 56. Kg2 Qd4 57. Kg3 Bd6+ 58. Kh3 Bc5 59. Be2 Qe4 60. Qxh5+
Kg7 61. Qh7+ Kf6 62. Qf7+ Kg5 63. f4+ Qxf4 64. Qxf4+ Kxf4 65. g7 1-0

[Event "Julius Baer Gen Cup D3 L"]
[Site "chess.com INT"]
[Date "2024.09.29"]
[Round "4.1"]
[White "Makarian, Rudik"]
[Black "Sindarov, Javokhir"]
[Result "1/2-1/2"]
[WhiteTitle "IM"]
[BlackTitle "GM"]
[WhiteElo "2550"]
[BlackElo "2677"]
[WhiteFideId "44105681"]
[BlackFideId "14205483"]
[EventDate "2024.09.27"]
[EventType "k.o."]

1. Nf3 Nf6 2. c4 g6 3. Nc3 c5 4. g3 Bg7 5. Bg2 Nc6 6. d4 cxd4 7. Nxd4 h5 8. h3
Nxd4 9. Qxd4 d6 10. b3 O-O 11. Bb2 Be6 12. O-O Nd5 13. Qd2 Nxc3 14. Bxc3 Bxc3
15. Qxc3 Qc8 16. Kh2 Rb8 17. Rac1 b5 18. cxb5 Qxc3 19. Rxc3 Rxb5 20. Rfc1 Rfb8
21. Rc7 Ra5 22. R1c2 Kf8 23. f4 Rbb5 24. Bf3 Rc5 25. R7xc5 Rxc5 26. Rxc5 dxc5
27. e4 c4 28. bxc4 Bxc4 29. a3 e5 30. h4 Ke7 31. Kg2 Kd6 32. Kf2 Bb5 33. Ke3 Bd7
34. Bd1 Be6 35. Be2 Bb3 36. f5 Ba4 37. Bc4 Ke7 38. Bd5 Bd7 39. fxg6 fxg6 40. Kd3
Bb5+ 41. Kc3 a5 1/2-1/2

[Event "Julius Baer Gen Cup D3 L"]
[Site "chess.com INT"]
[Date "2024.09.29"]
[Round "4.1"]
[White "Navara, David"]
[Black "Yoo, Christopher Woojin"]
[Result "1/2-1/2"]
[WhiteTitle "GM"]
[BlackTitle "GM"]
[WhiteElo "2681"]
[BlackElo "2603"]
[WhiteFideId "309095"]
[BlackFideId "30909694"]
[EventDate "2024.09.27"]
[EventType "k.o."]

1. Nf3 d5 2. g3 Nf6 3. Bg2 c5 4. O-O Nc6 5. d4 e6 6. c4 dxc4 7. Qa4 Bd7 8. Qxc4
b5 9. Qc3 Nd5 10. Qd2 cxd4 11. Nxd4 Qb6 12. Bxd5 exd5 13. Nxc6 Bxc6 14. Qe3+ Be7
15. Rd1 d4 16. Qe5 f6 17. Qe6 Qc5 18. Nd2 Bd5 19. Qf5 O-O 20. Nb3 Bxb3 21. Qxc5
Bxc5 22. axb3 Rfe8 23. Kf1 Re6 24. Bd2 Rae8 25. Re1 Bb6 26. Ba5 Bxa5 27. Rxa5 d3
28. e3 a6 29. Rd1 Rd6 30. Raa1 Rc8 31. Rd2 Kf7 32. Rad1 Ke6 33. Ke1 Rcd8 34. Rc1
f5 35. b4 g5 36. f3 f4 37. Kf2 fxe3+ 38. Kxe3 Kf6 39. Rc3 Re8+ 40. Kf2 Red8 41.
Ke3 Re8+ 42. Kf2 Red8 43. Ke3 1/2-1/2

[Event "Julius Baer Gen Cup D3 L"]
[Site "chess.com INT"]
[Date "2024.09.29"]
[Round "4.1"]
[White "Niemann, Hans Moke"]
[Black "Bharath, Subramaniyam H"]
[Result "0-1"]
[WhiteTitle "GM"]
[BlackTitle "GM"]
[WhiteElo "2733"]
[BlackElo "2561"]
[WhiteFideId "2093596"]
[BlackFideId "46634827"]
[EventDate "2024.09.27"]
[EventType "k.o."]

1. e4 e5 2. Nf3 Nc6 3. Bc4 Nf6 4. d3 Be7 5. O-O O-O 6. a4 d5 7. exd5 Nxd5 8. Re1
Bg4 9. h3 Bh5 10. c3 Nb6 11. Bb5 Nd7 12. Nbd2 Bd6 13. Ne4 f5 14. Ng3 Bg6 15. Bg5
Qe8 16. Bc4+ Kh8 17. d4 e4 18. Nh4 h6 19. Nxg6+ Qxg6 20. Bh4 Rae8 21. Be2 Qh7
22. Nf1 f4 23. f3 e3 24. Bd3 Qg8 25. Re2 g5 26. Be1 h5 27. Nh2 Nf6 28. Rc2 Qg7
29. Be2 Ne7 30. c4 Nf5 31. Qd3 Nh6 32. c5 Be7 33. d5 Rd8 34. d6 cxd6 35. c6 bxc6
36. Rxc6 Nd7 37. Rc7 Ne5 38. Bc3 Rf7 39. Qd5 Bf6 40. Rxf7 Qxf7 41. Rd1 Qxd5 42.
Rxd5 Nf5 43. Nf1 Ne7 44. Ra5 d5 45. Bxe5 Bxe5 46. Rxa7 Nc6 47. Rb7 Nd4 48. Bd3
e2 49. Bxe2 Nxe2+ 50. Kf2 Nc1 51. b4 Rc8 52. a5 Rc2+ 53. Ke1 Nd3+ 54. Kd1 Rf2
55. Nd2 Bc3 56. Nb3 Nb2+ 57. Kc1 Nd3+ 58. Kd1 Nxb4 59. Nc5 Rd2+ 60. Kc1 Ra2 61.
Ra7 Ra1# 0-1

[Event "Julius Baer Gen Cup D3 L"]
[Site "chess.com INT"]
[Date "2024.09.29"]
[Round "4.2"]
[White "Bharath, Subramaniyam H"]
[Black "Niemann, Hans Moke"]
[Result "0-1"]
[WhiteTitle "GM"]
[BlackTitle "GM"]
[WhiteElo "2561"]
[BlackElo "2733"]
[WhiteFideId "46634827"]
[BlackFideId "2093596"]
[EventDate "2024.09.27"]
[EventType "k.o."]

1. e4 c5 2. Nf3 d6 3. Nc3 a6 4. d4 cxd4 5. Nxd4 Nf6 6. Bc4 e6 7. a4 Nc6 8. Be3
Bd7 9. O-O Be7 10. Qe2 O-O 11. Nxc6 Bxc6 12. a5 Rc8 13. Bb6 Qe8 14. Rfd1 Nd7 15.
Bd4 Qd8 16. Bb3 Qc7 17. Qe3 Rfd8 18. Na4 Bf6 19. Bxf6 Nxf6 20. Nb6 Rb8 21. f3
Nd7 22. Nxd7 Rxd7 23. c3 Rbd8 24. Rd2 h6 25. Bc2 d5 26. e5 Bb5 27. Rd4 Rc8 28.
f4 Re7 29. h3 b6 30. axb6 Qxb6 31. Qf2 Rb8 32. f5 exf5 33. Qxf5 g6 34. Qf4 Rbe8
35. Re1 Bd7 36. Kh2 Qb8 37. Qxh6 Rxe5 38. Rxe5 Qxe5+ 39. Qf4 Qxf4+ 40. Rxf4 Re2
41. Bd3 Rxb2 42. Bxa6 Rb3 43. c4 Rb6 44. Bb5 Bxb5 45. cxb5 Rxb5 46. h4 Rc5 47.
Rf1 d4 48. Kg3 Re5 49. Rd1 Re4 50. Kf3 f5 51. g3 Kf7 52. Ra1 Kf6 53. Ra6+ Re6
54. Ra3 Ke5 55. Ra5+ Kd6 56. h5 gxh5 57. Rxf5 d3 58. Rf8 Kc5 59. Rd8 Kc4 60. Kg2
Kc3 61. Kf2 Re5 62. Ra8 d2 63. Rc8+ Kd3 64. Rd8+ Kc2 65. Rc8+ Kd1 66. Ra8 Rf5+
67. Kg2 Ke2 68. Re8+ Kd3 69. Rd8+ Ke3 70. Rd7 Rf2+ 71. Kh3 Ke2 72. Re7+ Kf1 73.
Rd7 Ke1 74. Kh4 Rh2+ 75. Kg5 d1=Q 0-1

[Event "Julius Baer Gen Cup D3 L"]
[Site "chess.com INT"]
[Date "2024.09.29"]
[Round "4.2"]
[White "Sindarov, Javokhir"]
[Black "Makarian, Rudik"]
[Result "1-0"]
[WhiteTitle "GM"]
[BlackTitle "IM"]
[WhiteElo "2677"]
[BlackElo "2550"]
[WhiteFideId "14205483"]
[BlackFideId "44105681"]
[EventDate "2024.09.27"]
[EventType "k.o."]

1. e4 e5 2. Nf3 Nc6 3. Bc4 Nf6 4. d3 Bc5 5. Nc3 h6 6. O-O d6 7. Na4 Bb6 8. a3
O-O 9. h3 Be6 10. Bxe6 fxe6 11. b4 Qd7 12. c3 Rf7 13. Ra2 Raf8 14. Re1 Nh5 15.
Nxb6 axb6 16. Ng5 hxg5 17. Qxh5 b5 18. Bxg5 Na7 19. Re3 Nc6 20. Rg3 d5 21. Rg4
Qe8 22. Rh4 Rd7 23. Qh7+ Kf7 24. Rh6 Qc8 25. Rf6+ Ke8 26. Rxf8+ 1-0

[Event "Julius Baer Gen Cup D3 L"]
[Site "chess.com INT"]
[Date "2024.09.29"]
[Round "4.2"]
[White "Yoo, Christopher Woojin"]
[Black "Navara, David"]
[Result "1-0"]
[WhiteTitle "GM"]
[BlackTitle "GM"]
[WhiteElo "2603"]
[BlackElo "2681"]
[WhiteFideId "30909694"]
[BlackFideId "309095"]
[EventDate "2024.09.27"]
[EventType "k.o."]

1. Nf3 d5 2. d4 Nf6 3. c4 c6 4. Nc3 e6 5. g3 Nbd7 6. Bg2 dxc4 7. O-O b5 8. e4
Bb7 9. a4 b4 10. e5 bxc3 11. exf6 gxf6 12. bxc3 c5 13. Re1 cxd4 14. Nxd4 Bxg2
15. Nxe6 fxe6 16. Qh5+ Ke7 17. Ba3+ Nc5 18. Rad1 Qe8 19. Bxc5# 1-0

[Event "Julius Baer Gen Cup D3 L"]
[Site "chess.com INT"]
[Date "2024.09.29"]
[Round "5.1"]
[White "Gelfand, Boris"]
[Black "Niemann, Hans Moke"]
[Result "1/2-1/2"]
[WhiteTitle "GM"]
[BlackTitle "GM"]
[WhiteElo "2658"]
[BlackElo "2733"]
[WhiteFideId "2805677"]
[BlackFideId "2093596"]
[EventDate "2024.09.27"]
[EventType "k.o."]

1. Nf3 d5 2. g3 Nf6 3. Bg2 e6 4. c4 Be7 5. O-O O-O 6. b3 b6 7. cxd5 Nxd5 8. e4
Nb4 9. d4 Ba6 10. a3 Bxf1 11. Bxf1 N4c6 12. Nc3 Nd7 13. Be3 e5 14. d5 Na5 15.
Ba6 Nb8 16. Bf1 Nd7 17. Ba6 Nb8 18. Bf1 Nd7 1/2-1/2